000 00446nam a22001817a 4500
003 MPLRDC
005 20220104144628.0
008 210129b ||||| |||| 00| 0 eng d
082 _a857.9 SML-54 v.4
100 _a司马翎著
245 _a情侠荡冠志, 四, 武林三尊
_c
250 _a初版
260 _a
_b皇鼎出版社
_c1998
300 _b
490 _a司马翎武侠钜著
650 _a
942 _cBK
_o857.9 SML-54 v.4
999 _c50894
_d50884